000 00301nam a22001337a 4500
008 170721b xxu||||| |||| 00| 0 eng d
020 _a9780072263510
041 _aeng
080 _a004
100 _a28
101 _aSHKI
245 _aMICROSOFT WINDOWS SERVER 2008
_cMATTHEWS, M
942 _2udc
_cBK
999 _c21755
_d21755